01025nam a2200193Ia 4500001001000000003001000010008004100020040002500061041001300086100002800099245007000127250001100197260008900208300002600297500018000323501011400503520018000617650003400797L235-9850IT-CnALBA170116s9999||||xx |||||||||||||| ||und|| aIT-CnALBAcIT-CnALBA aITALIANO aUGENTI D. ANTONIO, SSP. 0aIL SERVO DI DIO FRANCESCO CHIESA. UN GRANDE TESTIMONE DI CRISTO.  a1a ed. a ROMAbPOSTULAZIONE FAMIGLIA PAOLINA c1975 [1° Ed.:1975 - Ed.Ling.Originale: 1975] a48 p. (prefazione: 3) aTAPPE DELLA VITA DEL CANONICO FRANCESCO CHIESA. SACERDOTE. UOMO DI FIDUCIA. PARROCO. PROFESSORE IN SEMINARIO. GUIDA DI D. ALBERIONE. IL CAN. CHIESA INTIMO. DEVOZIONE A MARIA.  aSocietà San Paolo EM - Piazza San Paolo, 14 - 12051 ALBA (CN) (non commercial uses only) ® Copyright 2017 aTAPPE DELLA VITA DEL CANONICO FRANCESCO CHIESA. SACERDOTE. UOMO DI FIDUCIA. PARROCO. PROFESSORE IN SEMINARIO. GUIDA DI D. ALBERIONE. IL CAN. CHIESA INTIMO. DEVOZIONE A MARIA.  aMARIA SS. ANGELI SANTI DEMONI